000
00273nam a2200109Ia 4500
999
_c
8565
_d
8565
020
_a
978-0130307545
100
_a
Albert Lulushi
245
0
_a
Oracle Forms Developer's Handbook Oracle Forms 6i
260
_a
New Jersey
_b
World Scientific
_c
1973
300
_a
319
942
_c
BK